[Event "FIDE World Uni Rapid-F 1st"]
[Site "Tornelo INT"]
[Date "2021.03.21"]
[Round "9"]
[White "Papakonstantinou, Dimitrios1"]
[Black "Aagam, Aditya E"]
[Result "1-0"]
[WhiteElo "2049"]
[BlackElo "1707"]
[PlyCount "99"]
[EventDate "2021.03.20"]
[EventType "swiss (rapid)"]
[EventRounds "12"]
[EventCountry "NET"]
[SourceTitle "EXT 2022"]
[Source "ChessBase"]
[SourceDate "2021.10.06"]
[SourceVersion "1"]
[SourceVersionDate "2021.10.06"]
[SourceQuality "1"]

1. d4 Nf6 2. c4 e6 3. Nc3 Bb4 4. e3 0-0 5. Bd3 d5 6. Nge2 Ne4 7. 0-0 f5 8. Qb3 Bd6 9. cxd5 exd5 10. Qxd5+ Kh8 11. Bxe4 fxe4 12. Qxe4 Nc6 13. f4 Bf5 14. Qf3 Qh4 15. g3 Qh3 16. e4 Bg4 17. Qg2 Qh5 18. h4 Rae8 19. e5 Bb4 20. Be3 Ne7 21. a3 Ba5 22. d5 Nf5 23. Bc5 Rf7 24. b4 Bb6 25. Qf2 c6 26. Nd4 Bxc5 27. bxc5 cxd5 28. Nxf5 Rxf5 29. Rfe1 Qf7 30. Nb5 Qe6 31. Nd6 Re7 32. Nxf5 Bxf5 33. Rad1 g6 34. Qd4 Be4 35. Kh2 Qf5 36. Rd2 Kg7 37. Re3 h5 38. Rde2 Rd7 39. e6+ Kf8 40. exd7 Ke7 41. Rxe4+ dxe4 42. Rxe4+ Qxe4 43. Qxe4+ Kxd7 44. Qxb7+ Ke6 45. c6 Kf5 46. c7 a5 47. c8Q+ Kf6 48. Qcc6+ Kf5 49. Qe4+ Kf6 50. Qbe7# 1-0

[Event "FIDE World Uni Rapid-F 1st"]
[Site "Tornelo INT"]
[Date "2021.03.20"]
[Round "3"]
[White "La Villa Rivas, Marlon Javier"]
[Black "Aagam, Aditya E"]
[Result "0-1"]
[WhiteElo "2252"]
[BlackElo "1707"]
[PlyCount "54"]
[EventDate "2021.03.20"]
[EventType "swiss (rapid)"]
[EventRounds "12"]
[EventCountry "NET"]
[SourceTitle "EXT 2022"]
[Source "ChessBase"]
[SourceDate "2021.10.06"]
[SourceVersion "1"]
[SourceVersionDate "2021.10.06"]
[SourceQuality "1"]

1. e4 e5 2. Nf3 Nc6 3. Bb5 a6 4. Ba4 Nf6 5. d3 Bc5 6. Nc3 0-0 7. Bg5 h6 8. Bh4 g5 9. Bg3 d6 10. Qe2 Be6 11. 0-0-0 b5 12. Bb3 Bxb3 13. axb3 a5 14. Nxb5 a4 15. bxa4 Rxa4 16. Nc3 Ra7 17. h4 g4 18. Nh2 Nd4 19. Qf1 Qb8 20. f4 Ra1+ 21. Nb1 Ra2 22. Kd2 Qxb2 23. fxe5 Qxc2+ 24. Ke1 Bb4+ 25. Nd2 Bxd2+ 26. Kf2 Bf4+ 27. Kg1 Ne2+ 0-1

[Event "FIDE World Uni Blitz-D 1st"]
[Site "Tornelo INT"]
[Date "2021.03.13"]
[Round "5.28"]
[White "Ruiz Castillo, Joshua Daniel"]
[Black "Aagam, Aditya E"]
[Result "1-0"]
[WhiteElo "2502"]
[BlackElo "1707"]
[PlyCount "73"]
[EventDate "2021.03.13"]
[EventType "swiss (blitz)"]
[EventRounds "10"]
[EventCountry "NET"]
[SourceTitle "EXT 2022"]
[Source "ChessBase"]
[SourceDate "2021.10.06"]
[SourceVersion "1"]
[SourceVersionDate "2021.10.06"]
[SourceQuality "1"]

1. e4 e5 2. Nf3 Nc6 3. Bb5 a6 4. Ba4 Nf6 5. 0-0 Nxe4 6. d4 b5 7. Bb3 d5 8. dxe5 Be6 9. Qe2 Bc5 10. Be3 0-0 11. Rd1 Qe7 12. Bxd5 Bxd5 13. Rxd5 Rad8 14. Bxc5 Nxc5 15. Nc3 b4 16. Rxd8 Rxd8 17. Ne4 Ne6 18. Qxa6 Ncd4 19. Nxd4 Nxd4 20. Qc4 Qxe5 21. Ng3 Qb5 22. Qxc7 Ne6 23. Qa7 h6 24. h3 Rd2 25. Qa8+ Kh7 26. Nf1 Re2 27. Ne3 Qe5 28. Rb1 Rxe3 29. fxe3 Qxe3+ 30. Kh1 Nf4 31. Qf3 Qd2 32. Qe4+ g6 33. Rf1 Ne6 34. Rxf7+ Ng7 35. Qe5 Qc1+ 36. Kh2 Qxc2 37. Qxg7# 1-0